NLSUI OPAC header image

Guide to private equity (Record no. 115289)

MARC details
000 -LEADER
fixed length control field 02389nam a22002057a 4500
003 - CONTROL NUMBER IDENTIFIER
control field OSt
005 - DATE AND TIME OF LATEST TRANSACTION
control field 20200903111859.0
008 - FIXED-LENGTH DATA ELEMENTS--GENERAL INFORMATION
fixed length control field 190820b2014 ||||| |||| 00| 0 eng
020 ## - INTERNATIONAL STANDARD BOOK NUMBER
International Standard Book Number 9789350715260
040 ## - CATALOGING SOURCE
Transcribing agency nls
041 ## - LANGUAGE CODE
Language code of text/sound track or separate title English
082 ## - DEWEY DECIMAL CLASSIFICATION NUMBER
Classification number 332.04154 BHU-1
100 ## - MAIN ENTRY--PERSONAL NAME
Personal name Bhuwania C A Neha
245 ## - TITLE STATEMENT
Title Guide to private equity
260 ## - PUBLICATION, DISTRIBUTION, ETC.
Place of publication, distribution, etc. New Delhi
Name of publisher, distributor, etc. Taxmann Allied Services (P) Ltd.
Date of publication, distribution, etc. 2014
300 ## - PHYSICAL DESCRIPTION
Extent HB
505 ## - FORMATTED CONTENTS NOTE
Formatted contents note Description : <br/>This book is a maiden attempt to capture the Private Equityconcept running in the Indian ambience. Well thought of and wellcovered from the point of view of a beginner, this book covers theundeciphered aspects of this market for a common man.<br/><br/> <br/><br/>Covers essence of private equity market in India from the point of view of a layman<br/>The book is best suited for students who have an interest in PE /M&A industries<br/>The book helps established professionals to build upon their knowledge on birth to grave cycle of a PE Fund<br/>Includes real life case studies with diagrams and analysis for easy understanding<br/>Covers latest statistics with respect to the market - both geographically and in dollar terms<br/>Elucidation on Indian market standing in comparison to the international market<br/>The case studies are unique, and represent success stories of Indian start-ups<br/>Covers the legal and tax related laws and approaches for PE market as amended by Finance (No. 2) Act, 2014<br/>About the Author:<br/><br/>The author is a Chartered Accountant and a B.Com (H) graduate from Lady Shri Ram College, Delhi University. Having worked in the big 4 firms in their audit, accounting and advisory practice and an in-depth research in London on Private Equity, she got in-depth knowledge on deal structuring, corporate taxation, due diligence and financial analysis. <br/><br/>Her proficiency as an academician gained her laurels from the student community. Her charming personality and gullible demeanour created an aura of respect for her across the country. Her teaching techniques helped the students understand the corporate world sitting in the classroom. Currently, the author is a visiting faculty at the ICAI (Audit) and runs FxMantra - a company into educational content development, online classes for financial courses and tax advisory for individuals and venture capitalists
600 ## - SUBJECT ADDED ENTRY--PERSONAL NAME
Personal name Private Equity - India
-- Corporations
942 ## - ADDED ENTRY ELEMENTS (KOHA)
Source of classification or shelving scheme Dewey Decimal Classification
Koha item type BOOKs
Holdings
Withdrawn status Lost status Source of classification or shelving scheme Materials specified (bound volume or other part) Damaged status Not for loan Home library Current library Shelving location Date acquired Source of acquisition Cost, normal purchase price Total Checkouts Total Renewals Full call number Barcode Date last seen Date last checked out Price effective from Koha item type
    Dewey Decimal Classification HB     . .   20.08.2018 Purchased 495.00 1 1 332.04154 BHU-1 36700 09.01.2024 20.12.2023 20.08.2019 BOOKs
    Dewey Decimal Classification HB     . .   20.08.2018 Purchased 495.00     332.04154 BHU-2 36701 20.08.2019   20.08.2019 BOOKs